[Event "FICGS W-ch st1 g07 email"]
[Site "FICGS email"]
[Date "2016.11.02"]
[Round "1"]
[White "Leurette, Marc Antoine"]
[Black "Valentin, Florea"]
[Result "1-0"]
[WhiteElo "1152"]
[BlackElo "1902"]
[PlyCount "25"]
[EventDate "2016.??.??"]
[EventType "tourn (corr)"]
[EventRounds "8"]
[SourceTitle "Corr 2022"]
[Source "ChessBase"]
[SourceDate "2021.10.24"]
[SourceVersion "1"]
[SourceVersionDate "2021.10.24"]
[SourceQuality "1"]

1. e4 c5 2. Nc3 Nc6 3. Nf3 g6 4. d4 cxd4 5. Nxd4 Bg7 6. Be3 Nf6 7. Be2 0-0 8. 0-0 d5 9. Nxc6 bxc6 10. exd5 cxd5 11. Bd4 e6 12. b3 Qc7 13. Nb5 1-0

[Event "FICGS W-ch st1 g07 email"]
[Site "FICGS email"]
[Date "2016.11.02"]
[Round "1"]
[White "Valentin, Florea"]
[Black "Vollmer, Steve"]
[Result "0-1"]
[WhiteElo "1902"]
[BlackElo "1591"]
[PlyCount "30"]
[EventDate "2016.??.??"]
[EventType "tourn (corr)"]
[EventRounds "8"]
[SourceTitle "Corr 2022"]
[Source "ChessBase"]
[SourceDate "2021.10.24"]
[SourceVersion "1"]
[SourceVersionDate "2021.10.24"]
[SourceQuality "1"]

1. e4 d6 2. d4 Nf6 3. Nc3 g6 4. Nf3 Bg7 5. Be2 0-0 6. 0-0 e5 7. dxe5 dxe5 8. Qxd8 Rxd8 9. Nxe5 Re8 10. f4 Nbd7 11. Nb5 Nxe4 12. Nxc7 Rxe5 13. fxe5 Rb8 14. e6 Bd4+ 15. Kh1 Ndf6 0-1

[Event "FICGS rapid A 000176 email"]
[Site "FICGS email"]
[Date "2015.04.12"]
[Round "1"]
[White "Reboredo, Daniel"]
[Black "Valentin, Florea"]
[Result "1/2-1/2"]
[WhiteElo "1938"]
[BlackElo "1976"]
[PlyCount "21"]
[EventDate "2015.??.??"]
[EventType "tourn (rapid)"]
[EventRounds "6"]
[SourceTitle "Corr 2022"]
[Source "ChessBase"]
[SourceDate "2021.10.24"]
[SourceVersion "1"]
[SourceVersionDate "2021.10.24"]
[SourceQuality "1"]

1. c3 d5 2. d4 Nf6 3. Nf3 c6 4. Bf4 Bf5 5. e3 e6 6. Bd3 Bd6 7. Bxd6 Qxd6 8. Bxf5 exf5 9. Qb3 Qe7 10. Nbd2 0-0 11. 0-0 1/2-1/2

[Event "FICGS rapid A 000169 email"]
[Site "FICGS email"]
[Date "2014.11.09"]
[Round "1"]
[White "Valentin, Florea"]
[Black "Ortiz, Clodomiro"]
[Result "1/2-1/2"]
[WhiteElo "1994"]
[BlackElo "2050"]
[PlyCount "42"]
[EventDate "2014.??.??"]
[EventType "tourn (rapid)"]
[EventRounds "6"]
[SourceTitle "Corr 2022"]
[Source "ChessBase"]
[SourceDate "2021.10.24"]
[SourceVersion "1"]
[SourceVersionDate "2021.10.24"]
[SourceQuality "1"]

1. e4 e5 2. Nf3 Nc6 3. Bb5 a6 4. Ba4 Nf6 5. 0-0 Be7 6. Re1 b5 7. Bb3 d6 8. c3 0-0 9. h3 Nb8 10. d4 Nbd7 11. Nbd2 c5 12. Nf1 Re8 13. Ng3 Bb7 14. d5 g6 15. Bc2 Qc7 16. Bd2 Nb6 17. Qe2 c4 18. Reb1 a5 19. a4 Nxa4 20. Bxa4 bxa4 21. Rxa4 Ba6 1/2-1/2

[Event "FICGS class C 000197 email"]
[Site "FICGS email"]
[Date "2013.10.09"]
[Round "1"]
[White "Altieri, Carlo"]
[Black "Valentin, Florea"]
[Result "1/2-1/2"]
[WhiteElo "1990"]
[BlackElo "1930"]
[PlyCount "39"]
[EventDate "2013.??.??"]
[EventType "tourn (corr)"]
[EventRounds "4"]
[SourceTitle "Corr 2022"]
[Source "ChessBase"]
[SourceDate "2021.10.24"]
[SourceVersion "1"]
[SourceVersionDate "2021.10.24"]
[SourceQuality "1"]

1. e4 c5 2. Nf3 Nc6 3. Bb5 e6 4. 0-0 Nge7 5. c3 a6 6. Ba4 b5 7. Bc2 Bb7 8. Qe2 d5 9. e5 d4 10. Be4 Nd5 11. d3 dxc3 12. Nxc3 Be7 13. Rd1 0-0 14. d4 cxd4 15. Nxd5 exd5 16. Bc2 Qd7 17. Nxd4 Nxd4 18. Rxd4 Rac8 19. a4 Qe6 20. axb5 1/2-1/2

[Event "FICGS class C 000197 email"]
[Site "FICGS email"]
[Date "2013.10.09"]
[Round "1"]
[White "Valentin, Florea"]
[Black "Domingo Gadea, Jordi"]
[Result "1-0"]
[WhiteElo "1930"]
[BlackElo "1958"]
[PlyCount "69"]
[EventDate "2013.??.??"]
[EventType "tourn (corr)"]
[EventRounds "4"]
[SourceTitle "Corr 2022"]
[Source "ChessBase"]
[SourceDate "2021.10.24"]
[SourceVersion "1"]
[SourceVersionDate "2021.10.24"]
[SourceQuality "1"]

1. e4 e5 2. Nf3 f5 3. Nxe5 Nf6 4. Bc4 Qe7 5. d4 Nc6 6. 0-0 fxe4 7. Nc3 Nxe5 8. dxe5 Qxe5 9. Nd5 Nxd5 10. Bxd5 Bd6 11. g3 c6 12. Bxe4 0-0 13. Qd3 h6 14. Bd2 Qf6 15. Rae1 Be5 16. Bh7+ Kh8 17. Rxe5 Qxe5 18. Bc3 Qe6 19. Re1 Qf7 20. Bg6 Qxf2+ 21. Kh1 Kg8 22. Re7 Qf1+ 23. Qxf1 Rxf1+ 24. Kg2 Rf6 25. Bxf6 gxf6 26. Kh3 d5+ 27. Kh4 b6 28. Kh5 Bh3 29. Kxh6 c5 30. Rg7+ Kf8 31. Rh7 Rd8 32. Rf7+ Kg8 33. Rxa7 Bd7 34. h4 d4 35. b3 1-0

[Event "FICGS W-ch st2 g01 email"]
[Site "FICGS email"]
[Date "2012.12.03"]
[Round "1"]
[White "Valentin, Florea"]
[Black "Legrand, Stephane"]
[Result "0-1"]
[WhiteElo "2017"]
[BlackElo "2265"]
[PlyCount "34"]
[EventDate "2012.??.??"]
[EventType "tourn (corr)"]
[EventRounds "8"]
[SourceTitle "Corr 2022"]
[Source "ChessBase"]
[SourceDate "2021.10.24"]
[SourceVersion "1"]
[SourceVersionDate "2021.10.24"]
[SourceQuality "1"]

1. e4 c5 2. Nf3 d6 3. d4 cxd4 4. Nxd4 Nf6 5. Nc3 a6 6. Be3 Ng4 7. Bg5 h6 8. Bh4 g5 9. Bg3 Bg7 10. Be2 h5 11. 0-0 h4 12. Bf4 gxf4 13. h3 Ne5 14. Nd5 Ng6 15. c3 e6 16. Nb4 Nd7 17. Nd3 Nc5 0-1

[Event "FICGS W-ch st2 g01 email"]
[Site "FICGS email"]
[Date "2012.12.03"]
[Round "1"]
[White "Valentin, Florea"]
[Black "Wolf, Bernd"]
[Result "0-1"]
[WhiteElo "2017"]
[BlackElo "2113"]
[PlyCount "26"]
[EventDate "2012.??.??"]
[EventType "tourn (corr)"]
[EventRounds "8"]
[SourceTitle "Corr 2022"]
[Source "ChessBase"]
[SourceDate "2021.10.24"]
[SourceVersion "1"]
[SourceVersionDate "2021.10.24"]
[SourceQuality "1"]

1. e4 c5 2. Nf3 d6 3. d4 Nf6 4. Nc3 cxd4 5. Nxd4 a6 6. Be3 e5 7. Nb3 Be6 8. f3 Be7 9. Qd2 0-0 10. 0-0-0 Nbd7 11. g4 b5 12. g5 b4 13. Ne2 Ne8 0-1

[Event "FICGS class A 000123 email"]
[Site "FICGS email"]
[Date "2012.08.05"]
[Round "1"]
[White "Ba, Attila"]
[Black "Valentin, Florea"]
[Result "1-0"]
[WhiteElo "2000"]
[BlackElo "2006"]
[PlyCount "75"]
[EventDate "2012.??.??"]
[EventType "tourn (corr)"]
[EventRounds "6"]
[SourceTitle "Corr 2022"]
[Source "ChessBase"]
[SourceDate "2021.10.24"]
[SourceVersion "1"]
[SourceVersionDate "2021.10.24"]
[SourceQuality "1"]

1. d4 Nf6 2. c4 e6 3. Nf3 b6 4. g3 Ba6 5. Qa4 Bb7 6. Bg2 c5 7. dxc5 Bxc5 8. 0-0 0-0 9. Nc3 a5 10. Bf4 d6 11. Rad1 Qc7 12. Nb5 Qe7 13. Bxd6 Bxd6 14. Nxd6 Bc6 15. Qa3 Ra7 16. Ne5 Bxg2 17. Kxg2 Nfd7 18. Nd3 Nc6 19. Nb5 Qxa3 20. Nxa3 Rd8 21. Nb5 Raa8 22. b3 Kf8 23. Nc3 Nb4 24. Rd2 Nxd3 25. exd3 Nf6 26. Rfd1 Rd7 27. d4 Rad8 28. h3 g5 29. f3 Kg7 30. Kf2 h6 31. Rd3 Kf8 32. R1d2 Nh5 33. d5 Nf6 34. d6 Ne8 35. Nb5 f6 36. Ke3 Kf7 37. g4 Rc8 38. a4 1-0

[Event "FICGS class A 000123 email"]
[Site "FICGS email"]
[Date "2012.08.05"]
[Round "1"]
[White "Duenas, Alexis"]
[Black "Valentin, Florea"]
[Result "0-1"]
[WhiteElo "2026"]
[BlackElo "2006"]
[PlyCount "30"]
[EventDate "2012.??.??"]
[EventType "tourn (corr)"]
[EventRounds "6"]
[SourceTitle "Corr 2022"]
[Source "ChessBase"]
[SourceDate "2021.10.24"]
[SourceVersion "1"]
[SourceVersionDate "2021.10.24"]
[SourceQuality "1"]

1. d4 Nf6 2. c4 e6 3. Nc3 Bb4 4. Qc2 0-0 5. Nf3 c5 6. dxc5 Bxc5 7. Bf4 Nc6 8. e3 d5 9. Rd1 Qa5 10. Be2 dxc4 11. Bxc4 Nb4 12. Qb1 Nbd5 13. Qc2 Nxf4 14. exf4 b5 15. Bxb5 Bb7 0-1

[Event "FICGS class A 000123 email"]
[Site "FICGS email"]
[Date "2012.08.05"]
[Round "1"]
[White "Valentin, Florea"]
[Black "Panov, Dmitriy"]
[Result "1-0"]
[WhiteElo "2006"]
[BlackElo "2092"]
[PlyCount "29"]
[EventDate "2012.??.??"]
[EventType "tourn (corr)"]
[EventRounds "6"]
[SourceTitle "Corr 2022"]
[Source "ChessBase"]
[SourceDate "2021.10.24"]
[SourceVersion "1"]
[SourceVersionDate "2021.10.24"]
[SourceQuality "1"]

1. e4 e5 2. Nf3 Nc6 3. Bb5 a6 4. Ba4 Nf6 5. 0-0 Be7 6. Re1 0-0 7. Bxc6 dxc6 8. Nxe5 Re8 9. Nf3 Bg4 10. d3 Nd7 11. h3 Bh5 12. Be3 f6 13. Nbd2 Ne5 14. d4 Nxf3+ 15. Nxf3 1-0

[Event "FICGS rapid A 000124 email"]
[Site "FICGS email"]
[Date "2012.04.17"]
[Round "1"]
[White "Hallqvist, Niklas"]
[Black "Valentin, Florea"]
[Result "1/2-1/2"]
[WhiteElo "1908"]
[BlackElo "1917"]
[PlyCount "72"]
[EventDate "2012.??.??"]
[EventType "tourn (rapid)"]
[EventRounds "6"]
[SourceTitle "Corr 2022"]
[Source "ChessBase"]
[SourceDate "2021.10.24"]
[SourceVersion "1"]
[SourceVersionDate "2021.10.24"]
[SourceQuality "1"]

1. d4 Nf6 2. g3 d5 3. Nf3 c5 4. Bg2 cxd4 5. 0-0 h6 6. Bf4 Nc6 7. Nxd4 e6 8. c4 Bc5 9. Nb3 Bb6 10. Nc3 0-0 11. cxd5 exd5 12. Bxd5 Bh3 13. Bg2 Qc8 14. Qd3 Rd8 15. Bxh3 Qxh3 16. Qf3 Rd7 17. Na4 Rad8 18. Qg2 Qh5 19. Nxb6 axb6 20. e4 Ng4 21. f3 Nge5 22. Qe2 Nd3 23. Be3 Qb5 24. Nc1 Qxb2 25. Qxb2 Nxb2 26. Bxb6 Ra8 27. Nb3 Nc4 28. Bf2 b5 29. Bc5 N6e5 30. Rf2 Rd3 31. Raf1 Nd7 32. Bd4 Na5 33. Nxa5 Rxa5 34. Ba1 b4 35. Rb1 Ra4 36. Kg2 Kh7 1/2-1/2

[Event "FICGS rapid A 000124 email"]
[Site "FICGS email"]
[Date "2012.04.17"]
[Round "1"]
[White "Riha, Josef"]
[Black "Valentin, Florea"]
[Result "0-1"]
[WhiteElo "1982"]
[BlackElo "1917"]
[PlyCount "106"]
[EventDate "2012.??.??"]
[EventType "tourn (rapid)"]
[EventRounds "6"]
[SourceTitle "Corr 2022"]
[Source "ChessBase"]
[SourceDate "2021.10.24"]
[SourceVersion "1"]
[SourceVersionDate "2021.10.24"]
[SourceQuality "1"]

1. d4 Nf6 2. c4 e6 3. Nf3 b6 4. g3 Bb7 5. Bg2 Be7 6. Nc3 Ne4 7. Bd2 Bf6 8. Qc2 Nxd2 9. Qxd2 0-0 10. 0-0 d6 11. e4 Nd7 12. Rad1 g6 13. Rfe1 Bg7 14. b3 Rb8 15. e5 a6 16. exd6 cxd6 17. a4 Nf6 18. d5 e5 19. Na2 a5 20. Bh3 Ne8 21. Nc3 Nc7 22. Nb5 Nxb5 23. axb5 Ra8 24. Qc2 f5 25. Bg2 Bc8 26. Qa2 Rf7 27. Qa4 g5 28. Qa2 g4 29. Nd2 e4 30. Nb1 Qf6 31. Bf1 h5 32. Qe2 f4 33. gxf4 Qxf4 34. Qd2 a4 35. bxa4 Rxa4 36. Qxf4 Rxf4 37. Nd2 Bf5 38. Nb3 Bc3 39. Re3 Rf3 40. Bg2 Rxe3 41. fxe3 Bg6 42. Rc1 Bb2 43. Rb1 Be5 44. Nd2 Kg7 45. Rd1 Bf5 46. Rf1 Kg6 47. Rd1 h4 48. Bxe4 Bxe4 49. Nxe4 Rxc4 50. Nf2 Bf6 51. h3 g3 52. Ng4 Bg7 53. Kg2 Kg5 0-1

[Event "FICGS rapid A 000124 email"]
[Site "FICGS email"]
[Date "2012.04.17"]
[Round "1"]
[White "Valentin, Florea"]
[Black "Domingo Gadea, Jordi"]
[Result "1-0"]
[WhiteElo "1917"]
[BlackElo "1928"]
[PlyCount "99"]
[EventDate "2012.??.??"]
[EventType "tourn (rapid)"]
[EventRounds "6"]
[SourceTitle "Corr 2022"]
[Source "ChessBase"]
[SourceDate "2021.10.24"]
[SourceVersion "1"]
[SourceVersionDate "2021.10.24"]
[SourceQuality "1"]

1. e4 h6 2. d4 c5 3. d5 d6 4. Nf3 g5 5. a4 Bg7 6. h4 g4 7. Nfd2 h5 8. Nc4 Nd7 9. Bd3 Ne5 10. Nxe5 Bxe5 11. Nd2 Nf6 12. c3 Nd7 13. Nc4 Bf6 14. Bf4 Ne5 15. Nxe5 Bxe5 16. Bxe5 dxe5 17. 0-0 Qd6 18. Bb5+ Bd7 19. Bxd7+ Qxd7 20. Qe2 f6 21. a5 Kf7 22. c4 Qd6 23. Ra3 Rab8 24. Rb1 Rhc8 25. Qe3 Qa6 26. Qc1 Kg6 27. Rba1 Qd6 28. Kh2 Kf7 29. Rb3 Kg7 30. Qe3 Rc7 31. Rf1 Kh7 32. f3 Qd7 33. f4 Qd6 34. fxe5 Qxe5+ 35. Kh1 Kg6 36. Rf5 Qd4 37. Qf4 Rcc8 38. Rg5+ fxg5 39. Qxg5+ Kf7 40. Qxh5+ Kf8 41. Rg3 Qxe4 42. Rxg4 Qxg4 43. Qxg4 Rd8 44. Qf4+ Kg7 45. Qe3 Kf7 46. Qe6+ Kf8 47. g4 Rd6 48. Qe5 Kf7 49. h5 Rg8 50. g5 1-0

[Event "FICGS rapid A 000124 email"]
[Site "FICGS email"]
[Date "2012.04.17"]
[Round "1"]
[White "Valentin, Florea"]
[Black "Zmolil, Josef"]
[Result "1-0"]
[WhiteElo "1917"]
[BlackElo "2000"]
[PlyCount "45"]
[EventDate "2012.??.??"]
[EventType "tourn (rapid)"]
[EventRounds "6"]
[SourceTitle "Corr 2022"]
[Source "ChessBase"]
[SourceDate "2021.10.24"]
[SourceVersion "1"]
[SourceVersionDate "2021.10.24"]
[SourceQuality "1"]

1. e4 c6 2. d4 d5 3. e5 Bf5 4. Nf3 e6 5. Be2 c5 6. Be3 cxd4 7. Nxd4 Ne7 8. c4 Nbc6 9. Qa4 a6 10. Nc3 dxc4 11. 0-0-0 Qa5 12. Qxa5 Nxa5 13. Nxf5 Nxf5 14. Bb6 Nc6 15. f4 Rc8 16. Kb1 Be7 17. g3 g5 18. fxg5 Rg8 19. Ne4 Nxe5 20. h4 Rc6 21. Ba7 Nd6 22. Nxd6+ Bxd6 23. Bd4 1-0

[Event "FICGS class A 000087 email"]
[Site "FICGS email"]
[Date "2011.01.31"]
[Round "1"]
[White "Alcala, Alvin"]
[Black "Valentin, Florea"]
[Result "1-0"]
[WhiteElo "2155"]
[BlackElo "2016"]
[PlyCount "21"]
[EventDate "2011.??.??"]
[EventType "tourn (corr)"]
[EventRounds "6"]
[SourceTitle "Corr 2013"]
[Source "ChessBase"]
[SourceDate "2012.11.12"]
[SourceVersion "1"]
[SourceVersionDate "2012.11.12"]
[SourceQuality "1"]

1. e4 c5 2. Nf3 d6 3. d4 cxd4 4. Nxd4 Nf6 5. Nc3 a6 6. h3 e6 7. g4 b5 8. g5 Nfd7 9. a3 Bb7 10. h4 Be7 11. Be3 1-0

[Event "FICGS class A 000087 email"]
[Site "FICGS email"]
[Date "2011.01.31"]
[Round "1"]
[White "Valentin, Florea"]
[Black "Markus, Roland"]
[Result "0-1"]
[WhiteElo "2016"]
[BlackElo "2095"]
[PlyCount "30"]
[EventDate "2011.??.??"]
[EventType "tourn (corr)"]
[EventRounds "6"]
[SourceTitle "Corr 2013"]
[Source "ChessBase"]
[SourceDate "2012.11.12"]
[SourceVersion "1"]
[SourceVersionDate "2012.11.12"]
[SourceQuality "1"]

1. e4 c6 2. d4 d5 3. e5 c5 4. dxc5 Nc6 5. Bb5 e6 6. Be3 Nge7 7. c3 Bd7 8. Bxc6 Bxc6 9. Nf3 Nf5 10. Bd4 Nxd4 11. cxd4 b6 12. cxb6 Qxb6 13. Qc2 Bb4+ 14. Nc3 Qa6 15. Rc1 Rc8 0-1

[Event "FICGS rapid A 000093 email"]
[Site "FICGS email"]
[Date "2010.11.13"]
[Round "1"]
[White "Riha, Josef"]
[Black "Valentin, Florea"]
[Result "1-0"]
[WhiteElo "2094"]
[BlackElo "1998"]
[PlyCount "71"]
[EventDate "2010.??.??"]
[EventType "tourn (rapid)"]
[EventRounds "6"]
[SourceTitle "Corr 2013"]
[Source "ChessBase"]
[SourceDate "2012.11.12"]
[SourceVersion "1"]
[SourceVersionDate "2012.11.12"]
[SourceQuality "1"]

1. d4 Nf6 2. c4 e6 3. Nf3 b6 4. g3 Ba6 5. b3 Bb4+ 6. Bd2 Be7 7. Nc3 0-0 8. e4 d5 9. cxd5 Bxf1 10. Kxf1 exd5 11. e5 Ne4 12. Kg2 Qd7 13. Re1 Nxc3 14. Bxc3 Nc6 15. Qd3 Nd8 16. b4 Ne6 17. Rab1 Rfb8 18. Red1 h6 19. h3 Qa4 20. Rdc1 Qd7 21. Rc2 c5 22. bxc5 bxc5 23. Rxb8+ Rxb8 24. dxc5 Bxc5 25. Bd4 Rc8 26. Bxc5 Rxc5 27. Rxc5 Nxc5 28. Qc3 Qd8 29. Qxc5 a6 30. Nd4 Kh7 31. Qc2+ Kg8 32. Qc6 a5 33. Qb7 g6 34. e6 fxe6 35. Nxe6 Qf6 36. Qxd5 1-0

[Event "FICGS rapid A 000093 email"]
[Site "FICGS email"]
[Date "2010.11.13"]
[Round "1"]
[White "Valentin, Florea"]
[Black "Kirali, Hasan"]
[Result "1-0"]
[WhiteElo "1998"]
[BlackElo "1931"]
[PlyCount "61"]
[EventDate "2010.??.??"]
[EventType "tourn (rapid)"]
[EventRounds "6"]
[SourceTitle "Corr 2013"]
[Source "ChessBase"]
[SourceDate "2012.11.12"]
[SourceVersion "1"]
[SourceVersionDate "2012.11.12"]
[SourceQuality "1"]

1. e4 e5 2. Nf3 Nc6 3. Bb5 a6 4. Ba4 Nf6 5. 0-0 Be7 6. Re1 b5 7. Bb3 d6 8. c3 0-0 9. h3 Na5 10. Bc2 c5 11. d4 cxd4 12. cxd4 Bb7 13. d5 Rc8 14. b3 Qc7 15. Bd3 Nh5 16. Na3 f5 17. Bd2 Qb6 18. Nc2 Nf6 19. Ng5 fxe4 20. Bxe4 b4 21. Nxb4 h6 22. Nf3 Nxe4 23. Rxe4 Bf6 24. Be3 Qb5 25. Nh4 Bd8 26. Qg4 Bxh4 27. Qe6+ Kh7 28. Rxh4 Rf6 29. Qe7 Rg6 30. Re1 Kg8 31. a4 1-0

[Event "FICGS class B 000128 email"]
[Site "FICGS email"]
[Date "2010.10.25"]
[Round "1"]
[White "Mamrukov, Dmitri"]
[Black "Valentin, Florea"]
[Result "1/2-1/2"]
[WhiteElo "1841"]
[BlackElo "1946"]
[PlyCount "105"]
[EventDate "2010.??.??"]
[EventType "tourn (corr)"]
[EventRounds "6"]
[SourceTitle "Corr 2013"]
[Source "ChessBase"]
[SourceDate "2012.11.12"]
[SourceVersion "1"]
[SourceVersionDate "2012.11.12"]
[SourceQuality "1"]

1. d4 Nf6 2. c4 e6 3. g3 d5 4. Nf3 Be7 5. Bg2 0-0 6. 0-0 dxc4 7. Ne5 c5 8. dxc5 Qc7 9. Nxc4 Qxc5 10. b3 Rd8 11. Qc2 Nc6 12. Ba3 Nb4 13. Qc1 Rb8 14. Qf4 Bd7 15. Nc3 Be8 16. Rac1 Nh5 17. Qe3 Qxe3 18. Nxe3 f5 19. Na4 b6 20. Rc7 Rd7 21. Rxd7 Bxd7 22. Rd1 Nf6 23. Nb2 Bb5 24. Nbc4 Bc5 25. Rd2 Be8 26. h3 Rc8 27. Bb2 b5 28. Na5 Rc7 29. Nb7 Bxe3 30. fxe3 Bc6 31. Bxc6 Nxc6 32. Bxf6 Rxb7 33. Ba1 Ne7 34. Rd8+ Kf7 35. Kf2 Nd5 36. Kf3 Nf6 37. Bd4 h5 38. h4 b4 39. Rd6 Ne4 40. Ra6 g5 41. hxg5 Nxg5+ 42. Kf4 Nh3+ 43. Ke5 Nf2 44. Bxa7 Rb5+ 45. Kf4 Nh3+ 46. Kf3 Ng5+ 47. Kg2 Ne4 48. Bd4 e5 49. Ba1 Rd5 50. Kh3 Nf2+ 51. Kh4 Ne4 52. Kh3 Nf2+ 53. Kh4 1/2-1/2

[Event "FICGS rapid A 000087 email"]
[Site "FICGS email"]
[Date "2010.08.11"]
[Round "1"]
[White "Valentin, Florea"]
[Black "Zeman, Martin"]
[Result "1-0"]
[WhiteElo "1940"]
[BlackElo "2009"]
[PlyCount "51"]
[EventDate "2010.??.??"]
[EventType "tourn (rapid)"]
[EventRounds "5"]
[SourceTitle "Corr 2013"]
[Source "ChessBase"]
[SourceDate "2012.11.12"]
[SourceVersion "1"]
[SourceVersionDate "2012.11.12"]
[SourceQuality "1"]

1. e4 c5 2. Nf3 d6 3. d4 cxd4 4. Nxd4 Nf6 5. Nc3 a6 6. Bg5 Nbd7 7. Be2 e6 8. 0-0 Be7 9. Qd3 h6 10. Bd2 0-0 11. Qg3 Kh8 12. Rad1 Re8 13. Kh1 Nc5 14. Qe3 e5 15. Nb3 Be6 16. f4 Rc8 17. f5 Bd7 18. Nxc5 Rxc5 19. a3 Qc7 20. Qh3 Kh7 21. Bd3 Bc6 22. Rfe1 d5 23. b4 Rxc3 24. Bxc3 dxe4 25. Bc4 Nd5 26. Bxd5 1-0

[Event "FICGS rapid A 000082 email"]
[Site "FICGS email"]
[Date "2010.04.28"]
[Round "1"]
[White "Fric, Lubos"]
[Black "Valentin, Florea"]
[Result "1-0"]
[WhiteElo "2076"]
[BlackElo "1934"]
[PlyCount "57"]
[EventDate "2010.??.??"]
[EventType "tourn (rapid)"]
[EventRounds "5"]
[SourceTitle "Corr 2013"]
[Source "ChessBase"]
[SourceDate "2012.11.12"]
[SourceVersion "1"]
[SourceVersionDate "2012.11.12"]
[SourceQuality "1"]

1. d4 Nf6 2. c4 e6 3. Nf3 b6 4. g3 Ba6 5. Qb3 Nc6 6. Bg2 Na5 7. Qa4 Bxc4 8. Nc3 c6 9. Ne5 b5 10. Qc2 Qb6 11. 0-0 Qxd4 12. Bf4 Bb4 13. Rfd1 Qb6 14. b3 Bxc3 15. Qxc3 Bxe2 16. Nxd7 Nxd7 17. Qxg7 Rf8 18. Rd6 Qc5 19. Rc1 Qf5 20. Qc3 b4 21. Qd2 Rg8 22. Rxd7 e5 23. Rc7 exf4 24. Qxe2+ Qe6 25. Qh5 fxg3 26. hxg3 Rd8 27. Bh3 Qg6 28. Qxa5 Kf8 29. R1xc6 1-0

[Event "FICGS rapid A 000075 email"]
[Site "FICGS email"]
[Date "2010.01.20"]
[Round "1"]
[White "Valentin, Florea"]
[Black "Clement, George"]
[Result "1/2-1/2"]
[WhiteElo "1931"]
[BlackElo "2079"]
[PlyCount "119"]
[EventDate "2010.??.??"]
[EventType "tourn (rapid)"]
[EventRounds "6"]
[SourceTitle "Corr 2013"]
[Source "ChessBase"]
[SourceDate "2012.11.12"]
[SourceVersion "1"]
[SourceVersionDate "2012.11.12"]
[SourceQuality "1"]

1. e4 e6 2. d4 d5 3. Nc3 Nf6 4. Bg5 dxe4 5. Nxe4 Be7 6. Bxf6 gxf6 7. Nf3 f5 8. Nc3 a6 9. g3 b5 10. Bg2 Bb7 11. 0-0 0-0 12. Ne2 c5 13. Nf4 cxd4 14. Nxd4 Bxg2 15. Kxg2 Ra7 16. Nb3 Rd7 17. Qe2 Qc7 18. Rfd1 Rfd8 19. Rxd7 Qxd7 20. f3 Nc6 21. a4 Bf6 22. axb5 axb5 23. Qxb5 Bxb2 24. Ra4 Ne5 25. Qxd7 Rxd7 26. Ra2 Bc3 27. Ne2 Bb4 28. Ra8+ Kg7 29. Rc8 Ng6 30. Rc4 Rb7 31. f4 Ne7 32. Kf3 h5 33. Nc5 Bxc5 34. Rxc5 Nd5 35. Nd4 Nf6 36. Rc8 Rb4 37. Nb3 h4 38. Nc5 h3 39. Rc7 Rb6 40. Nd7 Nxd7 41. Rxd7 Rb1 42. Rd2 Ra1 43. Ke2 Rc1 44. Kf3 f6 45. Ke3 e5 46. Rf2 Kg6 47. Re2 Kf7 48. Kd2 Rh1 49. Ke3 Ke6 50. Rd2 Re1+ 51. Kf3 e4+ 52. Kf2 Rh1 53. Ke3 Re1+ 54. Kf2 Rc1 55. Ke2 Rh1 56. Ke3 Rc1 57. Ke2 Kf7 58. Ke3 Re1+ 59. Kf2 Rh1 60. Ke3 1/2-1/2

[Event "FICGS rapid A 000075 email"]
[Site "FICGS email"]
[Date "2010.01.20"]
[Round "1"]
[White "Valentin, Florea"]
[Black "Leon, Andres E"]
[Result "1/2-1/2"]
[WhiteElo "1931"]
[BlackElo "1904"]
[PlyCount "107"]
[EventDate "2010.??.??"]
[EventType "tourn (rapid)"]
[EventRounds "6"]
[SourceTitle "Corr 2013"]
[Source "ChessBase"]
[SourceDate "2012.11.12"]
[SourceVersion "1"]
[SourceVersionDate "2012.11.12"]
[SourceQuality "1"]

1. e4 c6 2. d4 d5 3. e5 Bf5 4. Nf3 e6 5. Be2 Nd7 6. 0-0 Bg6 7. Nbd2 Nh6 8. c3 Be7 9. Nb3 Nf5 10. g4 Nh4 11. Nxh4 Bxh4 12. f4 f5 13. exf6 Qxf6 14. Nd2 Qf7 15. Nf3 Be7 16. Ne5 Nxe5 17. fxe5 Qg8 18. Be3 0-0-0 19. a4 Qe8 20. a5 a6 21. Bf3 Kb8 22. Rf2 Rd7 23. Qd2 Bh4 24. Rff1 h6 25. c4 dxc4 26. Qb4 Bd3 27. Bxc6 Bxf1 28. Bxd7 Qxd7 29. Rxf1 Bg5 30. Bf2 Rc8 31. Qd6+ Qxd6 32. exd6 Bf4 33. d5 Bxd6 34. dxe6 Re8 35. Re1 Kc7 36. Re4 Kc6 37. Rxc4+ Kd5 38. Rd4+ Kxe6 39. Kg2 Rc8 40. Re4+ Kd7 41. Re2 Bb4 42. Bb6 Kd6 43. Rf2 Ke6 44. h3 g5 45. b3 Rc6 46. Re2+ Kd5 47. Kf3 Bc5 48. Rd2+ Ke5 49. Bd8 Bd4 50. Rd3 b5 51. axb6 Bxb6 52. Bxb6 Rxb6 53. Ke3 Rb4 54. Rc3 1/2-1/2